[Event "16th IBM tournament"]
[Site "Amsterdam NED"]
[Date "1976.??.??"]
[Round "12"]
[White "Langeweg, Christian"]
[Black "Velimirovic, Dragoljub"]
[WhiteElo "2450"]
[BlackElo "2525"]
[Result "1/2-1/2"]
[EventDate "1976.07.??"]
[PlyCount "25"]

1.Nf3 Nf6 2.c4 e6 3.g3 b6 4.Bg2 Bb7 5.O-O Be7 6.b3 O-O 7.Bb2 c5 8.Nc3 a6 
9.d4 cxd4 10.Qxd4 d6 11.e4 Nbd7 12.Qe3 Qb8 13.Nd4 1/2-1/2

[Event "16th IBM tournament"]
[Site "Amsterdam NED"]
[Date "1976.??.??"]
[Round "12"]
[White "Miles, Anthony John"]
[Black "Ligterink, Gert"]
[WhiteElo "2510"]
[BlackElo "2400"]
[Result "1-0"]
[EventDate "1976.07.??"]
[PlyCount "77"]

1.d4 Nf6 2.c4 g6 3.Nc3 Bg7 4.e4 d6 5.Be2 O-O 6.Nf3 e5 7.Be3 c6 8.d5 cxd5 
9.cxd5 Nh5 10.Nd2 Nf4 11.O-O f5 12.Nc4 Nxe2+ 13.Qxe2 f4 14.Bd2 Rf6 15.Nb5 
g5 16.f3 h5 17.Ba5 b6 18.Bb4 Bf8 19.Rac1 Ba6 20.a4 Nd7 21.Qd1 Nc5 22.Be1 
Qd7 23.Nca3 Bb7 24.b4 Na6 25.Rf2 Be7 26.Rfc2 Bd8 27.Nc4 Rg6 28.Kh1 Qe7 29.
Qd3 Nb8 30.Bf2 g4 31.fxg4 hxg4 32.Qd1 g3 33.Bg1 gxh2 34.Bf2 Na6 35.Qh5 Kg7
36.Ncxd6 Rxd6 37.Nxd6 Qxd6 38.Rc6 Bxc6 39.Rxc6 1-0

[Event "16th IBM tournament"]
[Site "Amsterdam NED"]
[Date "1976.??.??"]
[Round "12"]
[White "Olafsson, Fridrik"]
[Black "Gipslis, Aivars"]
[WhiteElo "2550"]
[BlackElo "2535"]
[Result "1/2-1/2"]
[EventDate "1976.07.??"]
[PlyCount "114"]

1.Nf3 Nf6 2.c4 c5 3.Nc3 e6 4.d4 cxd4 5.Nxd4 Bb4 6.g3 Ne4 7.Qd3 Qa5 8.Nc2 
Bxc3+ 9.bxc3 d5 10.Bg2 O-O 11.O-O Nc6 12.cxd5 exd5 13.c4 Nc5 14.Qa3 Ne4 
15.Qxa5 Nxa5 16.cxd5 Re8 17.Nd4 Bd7 18.f3 Nd6 19.e4 f5 20.Bf4 Nac4 21.Rfe1
fxe4 22.fxe4 Nf7 23.Rac1 Rac8 24.Nf3 Bg4 25.Nd2 Nce5 26.Bf1 g5 27.Be3 Rxc1
28.Rxc1 Nf3+ 29.Nxf3 Bxf3 30.Bxa7 Bxe4 31.Re1 Ra8 32.Rxe4 Rxa7 33.a4 Ra5 
34.Bg2 Kf8 35.Rb4 Nd6 36.h4 h6 37.hxg5 hxg5 38.Kh2 Ke7 39.Kh3 b5 40.axb5 
Rxb5 41.Ra4 Rb3 42.Kg4 Kf6 43.Ra6 Ke5 44.Ra8 Kf6 45.Ra6 Ke5 46.Bf3 Rc3 47.
Ra2 Re3 48.Rh2 Nf7 49.Rf2 Kf6 50.Be4+ Kg7 51.Bc2 Nh6+ 52.Kh3 Nf7 53.Kg4 
Nh6+ 54.Kh3 Nf7 55.Bf5 Nd6 56.Kg4 Kf6 57.Be6+ Ke5 1/2-1/2

[Event "16th IBM tournament"]
[Site "Amsterdam NED"]
[Date "1976.??.??"]
[Round "12"]
[White "Ree, Hans"]
[Black "Szabo, Laszlo"]
[WhiteElo "2420"]
[BlackElo "2525"]
[Result "1/2-1/2"]
[EventDate "1976.07.??"]
[PlyCount "32"]

1.c4 c5 2.Nc3 g6 3.g3 Bg7 4.Bg2 Nc6 5.e3 e5 6.Nge2 Nge7 7.a3 d6 8.d3 Be6 
9.Nd5 Rb8 10.Nec3 a6 11.Bd2 b5 12.cxb5 axb5 13.b4 cxb4 14.axb4 O-O 15.O-O 
Nxd5 16.Nxd5 Ne7 1/2-1/2

[Event "16th IBM tournament"]
[Site "Amsterdam NED"]
[Date "1976.??.??"]
[Round "12"]
[White "Sigurjonsson, Gudmundur"]
[Black "Sax, Gyula"]
[WhiteElo "2530"]
[BlackElo "2530"]
[Result "0-1"]
[EventDate "1976.07.??"]
[PlyCount "76"]

1.e4 c5 2.Nf3 d6 3.d4 cxd4 4.Nxd4 Nf6 5.Nc3 e6 6.Be2 a6 7.f4 Qc7 8.O-O Be7
9.Qe1 O-O 10.Qg3 Qb6 11.Be3 Qxb2 12.Bf2 Qb4 13.e5 dxe5 14.fxe5 Ne8 15.Ne4 
Nd7 16.Bd3 Qa5 17.Nf3 f5 18.exf6 Ndxf6 19.Nxf6+ Nxf6 20.Rae1 Qxa2 21.Bd4 
Qd5 22.Qh4 Bc5 23.Bxc5 Qxc5+ 24.Kh1 Qh5 25.Qb4 a5 26.Qb6 a4 27.Bc4 Qa5 28.
Qd6 a3 29.Ne5 Re8 30.Re3 a2 31.Ra1 Nd5 32.Bxd5 Qxd5 33.Qc7 Rf8 34.Rg3 Bd7 
35.Nxd7 Rf1+ 36.Rxf1 a1=Q 37.Qf4 Qxd7 38.Rf3 Qf6 0-1

[Event "16th IBM tournament"]
[Site "Amsterdam NED"]
[Date "1976.??.??"]
[Round "13"]
[White "Boehm, Hans"]
[Black "Miles, Anthony John"]
[WhiteElo "2425"]
[BlackElo "2510"]
[Result "1/2-1/2"]
[EventDate "1976.07.??"]
[PlyCount "112"]

1.d4 Nf6 2.c3 d6 3.Bg5 Nbd7 4.Nd2 e5 5.e3 Be7 6.Bd3 d5 7.Ne2 O-O 8.O-O Bd6
9.f4 exf4 10.exf4 Re8 11.Nf3 c5 12.Ne5 Qb6 13.Kh1 Ne4 14.Ng3 Ndf6 15.Nxe4 
Nxe4 16.Qh5 Qc7 17.Rae1 Bf5 18.Bh4 g6 19.Qd1 c4 20.Bb1 h5 21.h3 Kg7 22.
Bxe4 Bxe4 23.f5 Rf8 24.Bf6+ Kxf6 25.fxg6+ Kg7 26.Rxe4 fxg6 27.Re3 Rxf1+ 
28.Qxf1 Re8 29.Qe1 Bxe5 30.dxe5 Re6 31.Qg3 b5 32.Qf4 a5 33.Rf3 Qe7 34.Qd4 
Qc7 35.Rf6 Qd7 36.Rf1 Kh7 37.Rf8 Qg7 38.Rf6 Qe7 39.Qf4 Kg7 40.Rxe6 Qxe6 
41.Kg1 Qf5 42.Qd4 Qb1+ 43.Kh2 Qd3 44.Qa7+ Kh6 45.Qf7 h4 46.Qf8+ Kh5 47.
Qh8+ Kg5 48.Qf6+ Kh5 49.Qh8+ Kg5 50.Qf6+ Kh5 51.Qf4 g5 52.Qf7+ Kh6 53.Qf8+
Kh5 54.Qe8+ Kh6 55.Qh8+ Kg6 56.Qf6+ Kh5 1/2-1/2

[Event "16th IBM tournament"]
[Site "Amsterdam NED"]
[Date "1976.??.??"]
[Round "13"]
[White "Donner, Jan"]
[Black "Sigurjonsson, Gudmundur"]
[WhiteElo "2475"]
[BlackElo "2530"]
[Result "1/2-1/2"]
[EventDate "1976.07.??"]
[PlyCount "68"]

1.d4 Nf6 2.c4 g6 3.g3 Bg7 4.Bg2 O-O 5.Nc3 d6 6.Nf3 Nbd7 7.O-O e5 8.e4 c6 
9.h3 Qb6 10.d5 Nc5 11.Re1 Bd7 12.Bf1 a5 13.b3 Rfc8 14.Rb1 Qd8 15.Nd2 Rcb8 
16.a3 cxd5 17.cxd5 b5 18.b4 axb4 19.axb4 Na4 20.Nxa4 Rxa4 21.Rb3 Qc8 22.
Kh2 Bh6 23.Bb2 Nh5 24.Nb1 Qd8 25.Bc1 Bxc1 26.Qxc1 Qb6 27.Qe3 Qxe3 28.Rexe3
Kf8 29.Rec3 Ke7 30.Bd3 f5 31.f3 Rb7 32.Rc2 f4 33.g4 Ng7 34.Nc3 Raa7 
1/2-1/2

[Event "16th IBM tournament"]
[Site "Amsterdam NED"]
[Date "1976.??.??"]
[Round "13"]
[White "Ivkov, Borislav"]
[Black "Olafsson, Fridrik"]
[WhiteElo "2520"]
[BlackElo "2550"]
[Result "1/2-1/2"]
[EventDate "1976.07.??"]
[PlyCount "40"]

1.d4 Nf6 2.c4 e6 3.Nf3 d5 4.Nc3 Bb4 5.cxd5 exd5 6.Bg5 h6 7.Bxf6 Qxf6 8.
Qa4+ Nc6 9.Ne5 Bd7 10.Nxc6 a5 11.e3 O-O 12.Be2 Bxc6 13.Qc2 Bd7 14.a3 Bf5 
15.Bd3 Bxc3+ 16.Qxc3 Bxd3 17.Qxd3 c6 18.O-O a4 19.Rab1 Ra6 20.Rfc1 Qe7 
1/2-1/2

[Event "16th IBM tournament"]
[Site "Amsterdam NED"]
[Date "1976.??.??"]
[Round "13"]
[White "Ligterink, Gert"]
[Black "Ree, Hans"]
[WhiteElo "2400"]
[BlackElo "2420"]
[Result "0-1"]
[EventDate "1976.07.??"]
[PlyCount "64"]

1.e4 e5 2.Nf3 Nc6 3.Bb5 g6 4.c3 d6 5.d4 Bd7 6.O-O Bg7 7.dxe5 dxe5 8.Be3 
Nf6 9.Nbd2 O-O 10.Bc4 Qe7 11.b4 b6 12.Qb3 h6 13.h3 Nh5 14.Bd5 Rac8 15.Rfe1
Kh8 16.Nc4 Kh7 17.b5 Nd8 18.Bc1 Re8 19.Ba3 Qf6 20.Re3 Nf4 21.Rd1 Nxd5 22.
Rxd5 Be6 23.Rd1 c6 24.Qa4 Bxc4 25.Qxc4 Qe6 26.Qe2 Nb7 27.c4 Na5 28.Rc3 
Red8 29.Rxd8 Rxd8 30.c5 cxb5 31.Qxb5 Qxa2 32.cxb6 Qa1+ 0-1

[Event "16th IBM tournament"]
[Site "Amsterdam NED"]
[Date "1976.??.??"]
[Round "13"]
[White "Szabo, Laszlo"]
[Black "Farago, Ivan"]
[WhiteElo "2525"]
[BlackElo "2420"]
[Result "0-1"]
[EventDate "1976.07.??"]
[PlyCount "84"]

1.c4 Nf6 2.g3 e6 3.Bg2 d5 4.Nf3 Be7 5.O-O O-O 6.b3 b6 7.Bb2 Bb7 8.cxd5 
exd5 9.d4 Ne4 10.Nc3 Nd7 11.Rc1 Ndf6 12.Ne5 c5 13.dxc5 Nxc3 14.Rxc3 bxc5 
15.Rc2 Qb6 16.Qc1 Rac8 17.Qf4 Qe6 18.Qa4 Bd6 19.Qxa7 Rc7 20.Qb6 Ra8 21.Bh3
Qe7 22.Nd3 d4 23.Bg2 Nd5 24.Qb5 Bc6 25.Qc4 Nb6 26.Bxc6 Nxc4 27.Bxa8 Nxb2 
28.Rxb2 h5 29.Bf3 h4 30.Rc1 f5 31.Rbc2 g5 32.g4 h3 33.gxf5 g4 34.Bxg4 Qe4 
35.f3 Qe3+ 36.Kh1 Rg7 37.Rg1 Kf8 38.f6 Rg6 39.Nxc5 Qf2 40.f4 Bxc5 41.Rxc5 
Rxg4 42.Rxg4 Qxe2 0-1

[Event "16th IBM tournament"]
[Site "Amsterdam NED"]
[Date "1976.??.??"]
[Round "13"]
[White "Velimirovic, Dragoljub"]
[Black "Kurajica, Bojan"]
[WhiteElo "2525"]
[BlackElo "2525"]
[Result "1/2-1/2"]
[EventDate "1976.07.??"]
[PlyCount "30"]

1.e4 c5 2.Nc3 Nc6 3.g3 g6 4.Bg2 Bg7 5.d3 d6 6.Nge2 e6 7.Bd2 Nge7 8.O-O O-O
9.Qc1 b6 10.Bh6 Bb7 11.Bxg7 Kxg7 12.Qd2 e5 13.Nd5 Nd4 14.Nxe7 Nxe2+ 15.
Qxe2 Qxe7 1/2-1/2

[Event "16th IBM tournament"]
[Site "Amsterdam NED"]
[Date "1976.??.??"]
[Round "14"]
[White "Farago, Ivan"]
[Black "Ligterink, Gert"]
[WhiteElo "2420"]
[BlackElo "2400"]
[Result "0-1"]
[EventDate "1976.07.??"]
[PlyCount "110"]

1.d4 Nf6 2.c4 e6 3.Nc3 Bb4 4.e3 b6 5.Ne2 Ba6 6.Ng3 O-O 7.Bd3 Nc6 8.Bd2 d5 
9.Qe2 e5 10.cxd5 Bxd3 11.Qxd3 exd4 12.exd4 Re8+ 13.Nge2 Bxc3 14.Bxc3 Qxd5 
15.O-O Ne5 16.Qg3 Nf3+ 17.Qxf3 Qxf3 18.gxf3 Rxe2 19.Rfe1 Rae8 20.Rxe2 Rxe2
21.Kf1 Re6 22.Re1 Rxe1+ 23.Kxe1 Nd5 24.Bd2 f6 25.Ke2 b5 26.f4 Kf7 27.f5 
Ne7 28.Kd3 Nxf5 29.Ke4 Ne7 30.d5 Ke8 31.Kd4 Kd7 32.Kc5 a6 33.d6 cxd6+ 34.
Kb6 d5 35.Kxa6 Kc6 36.Ka5 d4 37.Kb4 Nd5+ 38.Kb3 h5 39.Kc2 Nb6 40.b3 Kd5 
41.Kd3 Nd7 42.f3 Nc5+ 43.Ke2 g5 44.Bb4 f5 45.Bd2 g4 46.Kf2 Nd3+ 47.Ke2 Nc5
48.Kf2 Nd3+ 49.Ke2 Ne5 50.fxg4 fxg4 51.a4 bxa4 52.bxa4 Nf3 53.Bf4 h4 54.a5
Nxh2 55.a6 Kc6 0-1

[Event "16th IBM tournament"]
[Site "Amsterdam NED"]
[Date "1976.??.??"]
[Round "14"]
[White "Gipslis, Aivars"]
[Black "Ivkov, Borislav"]
[WhiteElo "2535"]
[BlackElo "2520"]
[Result "1/2-1/2"]
[EventDate "1976.07.??"]
[PlyCount "69"]

1.e4 e5 2.Nf3 Nc6 3.Bb5 a6 4.Ba4 Nf6 5.d4 exd4 6.O-O Be7 7.Re1 O-O 8.e5 
Ne8 9.Bf4 f6 10.Bxc6 dxc6 11.Qxd4 Qxd4 12.Nxd4 f5 13.Nc3 g5 14.Bd2 Ng7 15.
Rad1 Ne6 16.Nce2 c5 17.Nxe6 Bxe6 18.f4 g4 19.Nc3 Rfd8 20.Be3 Kf7 21.Kf2 h5
22.Rxd8 Rxd8 23.Ra1 b5 24.Ke1 h4 25.Rd1 Rxd1+ 26.Kxd1 Ke8 27.g3 hxg3 28.
hxg3 Kd7 29.Kc1 Kc6 30.Nd1 Kd5 31.Nf2 c4 32.c3 a5 33.a3 Bd7 34.Kd2 Bc6 35.
Ba7 1/2-1/2

[Event "16th IBM tournament"]
[Site "Amsterdam NED"]
[Date "1976.??.??"]
[Round "14"]
[White "Korchnoi, Viktor"]
[Black "Miles, Anthony John"]
[WhiteElo "2670"]
[BlackElo "2510"]
[Result "1/2-1/2"]
[EventDate "1976.07.??"]
[PlyCount "102"]

1.d4 Nf6 2.c4 c5 3.d5 b5 4.cxb5 a6 5.f3 g6 6.e4 d6 7.a4 Bg7 8.a5 axb5 9.
Bxb5+ Nfd7 10.Qa4 O-O 11.Ne2 Na6 12.O-O Nc7 13.Bc4 Rb8 14.Nd2 Ne5 15.Qc2 
Rb4 16.Ra2 Na6 17.Ra4 Qe8 18.Rxb4 Nxb4 19.Qb3 Qd7 20.f4 Nxc4 21.Nxc4 Ba6 
22.Bd2 Rb8 23.Rc1 Qd8 24.Qa3 e6 25.dxe6 fxe6 26.Qh3 Qe7 27.Qe3 Na2 28.Rc2 
Nb4 29.Rc1 Na2 30.Rc2 Nb4 31.Bxb4 Rxb4 32.b3 Qc7 33.Qh3 Kf7 34.f5 Bxc4 35.
Rxc4 Rxc4 36.fxe6+ Ke7 37.bxc4 Qxa5 38.Kf2 h5 39.Qd3 Qa2 40.Kf3 g5 41.g4 
h4 42.Qe3 Bf6 43.e5 Qa8+ 44.Kf2 Bxe5 45.Qxg5+ Kxe6 46.Nf4+ Bxf4 47.Qxf4 
Qa2+ 48.Kf3 Qb3+ 49.Kg2 h3+ 50.Kf2 Qc2+ 51.Kg3 Qd3+ 1/2-1/2

[Event "16th IBM tournament"]
[Site "Amsterdam NED"]
[Date "1976.??.??"]
[Round "14"]
[White "Langeweg, Christian"]
[Black "Donner, Jan"]
[WhiteElo "2450"]
[BlackElo "2475"]
[Result "1-0"]
[EventDate "1976.07.??"]
[PlyCount "83"]

1.Nf3 Nf6 2.c4 c6 3.Nc3 d5 4.d4 dxc4 5.a4 Bf5 6.Ne5 Nbd7 7.Nxc4 Qc7 8.g3 
e5 9.dxe5 Nxe5 10.Bf4 Nfd7 11.Bg2 Rd8 12.Qc1 Be6 13.Nxe5 Nxe5 14.Qe3 f6 
15.Qxa7 Bb4 16.O-O O-O 17.Rfc1 Qe7 18.Bxe5 Bc5 19.Qa5 fxe5 20.Ne4 Bd4 21.
Rcb1 Ra8 22.Qe1 Bf5 23.e3 Bc5 24.b4 Bd6 25.Rb2 Ra7 26.a5 Rd8 27.b5 cxb5 
28.Nxd6 Rxd6 29.Rxb5 Bd3 30.Rc5 e4 31.Qc3 Qf6 32.Qxf6 gxf6 33.Rd1 Rc6 34.
Rd5 Rca6 35.Bf1 Bxf1 36.Kxf1 b6 37.R1d4 bxa5 38.Ra4 Kf7 39.g4 Ra8 40.Kg2 
Rg8 41.Kg3 Rg5 42.Rd7+ 1-0

[Event "16th IBM tournament"]
[Site "Amsterdam NED"]
[Date "1976.??.??"]
[Round "14"]
[White "Olafsson, Fridrik"]
[Black "Velimirovic, Dragoljub"]
[WhiteElo "2550"]
[BlackElo "2525"]
[Result "0-1"]
[EventDate "1976.07.??"]
[PlyCount "87"]

1.c4 Nf6 2.Nc3 c5 3.Nf3 e6 4.e3 Be7 5.d4 O-O 6.dxc5 Bxc5 7.a3 a5 8.Be2 d5 
9.O-O Nc6 10.Qc2 Qe7 11.b3 d4 12.exd4 Nxd4 13.Nxd4 Bxd4 14.Bg5 h6 15.Bh4 
g5 16.Bg3 e5 17.Rad1 Bd7 18.Bf3 Bc6 19.Rfe1 Qxa3 20.Nb5 Bxb5 21.cxb5 Rad8 
22.Qf5 Rd6 23.h4 g4 24.Be2 Re8 25.Bc4 Kg7 26.Kh2 Qb4 27.Re4 a4 28.h5 axb3 
29.Bxf7 Kxf7 30.Qg6+ Ke6 31.Rdxd4 Qxd4 32.Rxd4 Rxd4 33.Bh4 Rf8 34.Qb1 Rb4 
35.Qe1 Rxb5 36.Qc3 Nd5 37.Qc4 Rb4 38.Qc5 Rd8 39.Bxd8 b2 40.Qc8+ Kd6 41.Ba5
b1=Q 42.Qf8+ Kc6 43.Qe8+ Kc5 44.Qc8+ 0-1

[Event "16th IBM tournament"]
[Site "Amsterdam NED"]
[Date "1976.??.??"]
[Round "15"]
[White "Boehm, Hans"]
[Black "Farago, Ivan"]
[WhiteElo "2425"]
[BlackElo "2420"]
[Result "0-1"]
[EventDate "1976.07.??"]
[PlyCount "110"]

1.e4 e6 2.d4 d5 3.exd5 exd5 4.Bd3 Nc6 5.c3 Bd6 6.Qf3 Nf6 7.h3 Qe7+ 8.Ne2 
Ne4 9.Bf4 Bxf4 10.Qxf4 g5 11.Qe3 f5 12.f4 h6 13.Nd2 Bd7 14.Bxe4 fxe4 15.
O-O-O O-O-O 16.fxg5 hxg5 17.Rdf1 Rdf8 18.Ng3 Na5 19.Rxf8+ Rxf8 20.Rf1 
Rxf1+ 21.Ngxf1 Qf6 22.Qe2 b5 23.Ne3 c6 24.b4 Nc4 25.Ndxc4 bxc4 26.a4 Be6 
27.a5 Kd7 28.Kd2 Qf4 29.Ke1 Ke7 30.Qf2 Kd7 31.Kf1 Qh2 32.Ke2 Ke7 33.Nf1 
Qf4 34.Qe3 Kf6 35.Ng3 Kg6 36.Kd2 Qf6 37.Ne2 Qf1 38.Qg1 Qxg1 39.Nxg1 Kh5 
40.g3 Bxh3 41.Nxh3 Kg4 42.Ng1 Kxg3 43.Ke3 a6 44.Ne2+ Kh2 45.Kf2 g4 46.Ke1 
g3 47.Kf1 e3 48.Nf4 Kh1 49.Ke2 g2 50.Nxg2 Kxg2 51.Kxe3 Kf1 52.Kf4 Ke2 53.
Ke5 Kd3 54.b5 cxb5 55.Kxd5 b4 0-1

[Event "16th IBM tournament"]
[Site "Amsterdam NED"]
[Date "1976.??.??"]
[Round "15"]
[White "Donner, Jan"]
[Black "Kurajica, Bojan"]
[WhiteElo "2475"]
[BlackElo "2525"]
[Result "1/2-1/2"]
[EventDate "1976.07.??"]
[PlyCount "107"]

1.d4 g6 2.c4 Bg7 3.Nc3 d6 4.e4 c6 5.Nf3 Nd7 6.Be3 a6 7.Be2 b5 8.a3 Bb7 9.
Nd2 e6 10.O-O Ne7 11.b4 O-O 12.Nb3 Rc8 13.Qd2 e5 14.Na5 Ba8 15.d5 cxd5 16.
cxd5 f5 17.f3 Nf6 18.a4 Rxc3 19.Qxc3 fxe4 20.fxe4 Nxe4 21.Qc2 Bxd5 22.axb5
axb5 23.Bxb5 Nf5 24.Qd3 Nxe3 25.Qxe3 Bh6 26.Qa7 Bf4 27.Bc6 Bxc6 28.Nxc6 
Qh4 29.h3 Qg3 30.Rxf4 exf4 31.Ne7+ Kh8 32.Qd4+ Nf6 33.Rf1 Qe3+ 34.Qxe3 
fxe3 35.Re1 Rb8 36.Rxe3 Rxb4 37.Re6 Ne4 38.g4 Kg7 39.Nc8 Rb1+ 40.Kg2 Rb2+ 
41.Kf1 d5 42.h4 Rh2 43.Re7+ Kf6 44.Rxh7 Nd2+ 45.Ke1 Nf3+ 46.Kf1 Ke5 47.h5 
Rc2 48.Ne7 g5 49.Rf7 Nh2+ 50.Ke1 Ke6 51.Rg7 Nxg4 52.Rxg5 Ne5 53.Ng6 Nf3+ 
54.Kd1 1/2-1/2

[Event "16th IBM tournament"]
[Site "Amsterdam NED"]
[Date "1976.??.??"]
[Round "15"]
[White "Ivkov, Borislav"]
[Black "Korchnoi, Viktor"]
[WhiteElo "2520"]
[BlackElo "2670"]
[Result "1/2-1/2"]
[EventDate "1976.07.??"]
[PlyCount "40"]

1.d4 Nf6 2.c4 e6 3.Nc3 Bb4 4.e3 b6 5.Ne2 Ne4 6.Qc2 Bb7 7.a3 Bxc3+ 8.Nxc3 
Nxc3 9.Qxc3 O-O 10.b4 d6 11.Bb2 Nd7 12.d5 Nf6 13.Rd1 Qe7 14.Be2 c6 15.dxc6
Bxc6 16.O-O Rac8 17.Qb3 d5 18.Rc1 Ba8 19.f3 dxc4 20.Bxc4 Bd5 1/2-1/2

[Event "16th IBM tournament"]
[Site "Amsterdam NED"]
[Date "1976.??.??"]
[Round "15"]
[White "Ligterink, Gert"]
[Black "Sigurjonsson, Gudmundur"]
[WhiteElo "2400"]
[BlackElo "2530"]
[Result "0-1"]
[EventDate "1976.07.??"]
[PlyCount "76"]

1.e4 c5 2.Nf3 d6 3.d4 cxd4 4.Nxd4 Nf6 5.Nc3 a6 6.Be3 e5 7.Nf3 Qc7 8.Bg5 
Nbd7 9.a4 h6 10.Bh4 b6 11.Nd2 Bb7 12.Bc4 Be7 13.Qe2 O-O 14.O-O g5 15.Bg3 
Nc5 16.Rfd1 Rfc8 17.Nd5 Nxd5 18.exd5 b5 19.axb5 axb5 20.Rxa8 Rxa8 21.Bxb5 
Bxd5 22.Nc4 Qb7 23.Ne3 Be6 24.b3 Ne4 25.Qf3 Qxb5 26.Qxe4 Ra2 27.h4 Qe2 28.
hxg5 hxg5 29.Qb4 Bf8 30.Re1 Qh5 31.Qb6 Qg6 32.c4 f5 33.Nd1 f4 34.Bh2 Ra1 
35.Qd8 Kf7 36.Qc7+ Be7 37.c5 Qe4 38.Rf1 dxc5 0-1

[Event "16th IBM tournament"]
[Site "Amsterdam NED"]
[Date "1976.??.??"]
[Round "15"]
[White "Miles, Anthony John"]
[Black "Ree, Hans"]
[WhiteElo "2510"]
[BlackElo "2420"]
[Result "1-0"]
[EventDate "1976.07.??"]
[PlyCount "89"]

1.e4 e5 2.Nf3 Nc6 3.Bb5 Nf6 4.O-O Nxe4 5.Re1 Nd6 6.Nxe5 Be7 7.Bd3 O-O 8.
Nc3 Nxe5 9.Rxe5 Re8 10.b3 Bf8 11.Re3 b6 12.Bb2 Bb7 13.Qg4 g6 14.Nd5 Bg7 
15.Bxg7 Kxg7 16.Qd4+ f6 17.Rxe8 Nxe8 18.Re1 Bxd5 19.Qxd5 Nd6 20.Re3 Qf8 
21.Qd4 Qf7 22.c4 Re8 23.b4 Rxe3 24.dxe3 Qe6 25.g3 Qe5 26.c5 bxc5 27.bxc5 
Qxd4 28.exd4 Nf7 29.Kf1 Ng5 30.Ke2 Ne6 31.Ke3 f5 32.Bc2 Kf6 33.h4 h6 34.
Kd3 d6 35.Kc4 g5 36.hxg5+ hxg5 37.cxd6 cxd6 38.Kd5 f4 39.Bd1 fxg3 40.fxg3 
Ke7 41.Bg4 Nd8 42.Bc8 a5 43.a4 Nf7 44.Kc6 d5 45.Kxd5 1-0

[Event "16th IBM tournament"]
[Site "Amsterdam NED"]
[Date "1976.??.??"]
[Round "15"]
[White "Szabo, Laszlo"]
[Black "Langeweg, Christian"]
[WhiteElo "2525"]
[BlackElo "2450"]
[Result "0-1"]
[EventDate "1976.07.??"]
[PlyCount "76"]

1.d4 Nf6 2.c4 e6 3.Nc3 Bb4 4.e3 O-O 5.Ne2 d5 6.a3 Be7 7.cxd5 exd5 8.g3 c6 
9.Bg2 Re8 10.Qd3 a5 11.O-O a4 12.Qc2 Qa5 13.Bd2 Qa7 14.Rfe1 Nbd7 15.Nf4 
Nf8 16.e4 dxe4 17.Nxe4 Be6 18.Nxf6+ Bxf6 19.d5 cxd5 20.Nxd5 Bd4 21.Bc3 
Rac8 22.Qd2 Bxc3 23.Nxc3 Red8 24.Qe3 Qa6 25.Rad1 Bb3 26.Rxd8 Rxd8 27.Qc5 
Qd3 28.Bxb7 Qd2 29.Re2 Qc1+ 30.Kg2 Rd1 31.Re8 Rg1+ 32.Kh3 Be6+ 33.Rxe6 
fxe6 34.Nxa4 Qf1+ 35.Kh4 Ng6+ 36.Kg5 Qd3 37.Nc3 Re1 38.f4 Re5+ 0-1

[Event "16th IBM tournament"]
[Site "Amsterdam NED"]
[Date "1976.??.??"]
[Round "15"]
[White "Velimirovic, Dragoljub"]
[Black "Gipslis, Aivars"]
[WhiteElo "2525"]
[BlackElo "2535"]
[Result "1/2-1/2"]
[EventDate "1976.07.??"]
[PlyCount "43"]

1.e4 d5 2.exd5 Nf6 3.c4 c6 4.d4 cxd5 5.Nc3 g6 6.cxd5 Nxd5 7.Qb3 Nb6 8.Bb5+
Bd7 9.a4 Nc6 10.Nf3 Na5 11.Qb4 Nc6 12.Qb3 Na5 13.Qa2 Bxb5 14.axb5 Nac4 15.
O-O Bg7 16.Re1 O-O 17.Bg5 Re8 18.Ne5 Rc8 19.Rad1 a6 20.bxa6 bxa6 21.Bc1 a5
22.h4 1/2-1/2